Every Alabama City Above 10K Population - Statistics

General Stats
  • This quiz has been taken 20 times
  • The average score is 31 of 69
Answer Stats
Population City % Correct
196,910 Birmingham
100%
221,933 Huntsville
100%
183,289 Mobile
100%
196,986 Montgomery
100%
110,602 Tuscaloosa
94%
57,922 Decatur
81%
71,235 Dothan
75%
92,435 Hoover
75%
80,006 Auburn
69%
29,670 Daphne
69%
41,690 Florence
69%
33,335 Gadsden
63%
59,785 Madison
63%
17,019 Muscle Shoals
63%
21,182 Anniston
56%
33,873 Alabaster
50%
28,661 Athens
50%
29,767 Enterprise
50%
23,577 Foley
50%
32,787 Opelika
50%
38,267 Phenix City
50%
22,726 Albertville
44%
14,636 Alexander City
44%
25,264 Bessemer
44%
17,868 Calera
44%
23,859 Fairhope
44%
16,244 Gardendale
44%
16,193 Gulf Shores
44%
13,366 Irondale
44%
31,004 Northport
44%
22,002 Oxford
44%
16,358 Saraland
44%
17,023 Selma
44%
14,674 Talladega
44%
26,520 Trussville
44%
38,292 Vestavia Hills
44%
19,251 Cullman
38%
15,649 Hartselle
38%
21,862 Helena
38%
27,864 Homewood
38%
14,338 Jasper
38%
12,346 Leeds
38%
24,755 Pelham
38%
38,776 Prattville
38%
18,870 Prichard
38%
10,656 Spanish Fort
38%
10,292 Boaz
31%
15,887 Center Point
31%
16,193 Chelsea
31%
14,879 Fort Payne
31%
16,369 Hueytown
31%
14,432 Jacksonville
31%
21,955 Mountain Brook
31%
14,299 Ozark
31%
10,271 Rainbow City
31%
15,677 Scottsboro
31%
17,774 Troy
31%
10,290 Clay
25%
12,539 Eufaula
25%
13,587 Moody
25%
13,638 Pell City
25%
12,278 Sylacauga
25%
17,096 Millbrook
19%
10,701 Pike Road
19%
10,771 Russellville
19%
10,504 Saks
19%
10,323 Valley
19%
13,221 McCalla
13%
18,313 Tillmans Center
0%
No matching quizzes found
Score Distribution
Percent of People with Each Score
Percentile by Number Answered
Your Score History
You have not taken this quiz